|
|
|
|
| LEADER |
00981nam a2200241 a 4500 |
| 001 |
11971642 |
| 008 |
090614s2001 ohua b 001 0 eng d |
| 010 |
|
|
|a \\\00030771
|
| 020 |
|
|
|a 0324019076 (alk. paper)
|
| 040 |
|
|
|a DLC
|c DLC
|d DLC
|
| 082 |
0 |
0 |
|a 338.5/024/658
|2 21
|
| 100 |
1 |
|
|a Truett, Lila J.
|q (Lila Jean)
|
| 245 |
1 |
0 |
|a Managerial economics :
|b analysis, problems, cases /
|c Lila J. Truett, Dale B. Truett.
|
| 250 |
|
|
|a 7th ed.
|
| 260 |
|
|
|a Cincinnati, Ohio :
|b South-Western College Pub.,
|c c2001.
|
| 300 |
|
|
|a xix, 759 p. :
|b ill. ;
|c 24 cm.
|
| 504 |
|
|
|a Includes bibliographical references and index.
|
| 541 |
1 |
|
|e 00009589
|
| 650 |
|
0 |
|a Managerial economics.
|
| 700 |
1 |
|
|a Truett, Dale B.
|
| 852 |
4 |
|
|a Ayesha Abed Library
|j General shelf
|
| 999 |
|
|
|c 1271
|d 1271
|
| 952 |
|
|
|0 0
|1 0
|2 ddc
|4 0
|6 338_502465800000000_TRU
|7 0
|9 1155
|a BRACUL
|b BRACUL
|c GEN
|d 2009-06-25
|g 0.00
|l 4
|m 32
|o 338.5024658 TRU
|p 3010009589
|r 2017-04-17
|s 2017-03-15
|t 1
|w 2009-06-25
|y BK
|x No price found in the accession register.
|